Načítá se...
Sakshi /
| Hlavní autor: | |
|---|---|
| Médium: | Printed Book |
| Jazyk: | Malayalam |
| Vydáno: |
Kollam
Sankeerthanam publications
2010
|
| Témata: |
| LEADER | 00523 a2200157 4500 | ||
|---|---|---|---|
| 008 | 130709b xxu||||| |||| 00| 0 mal d | ||
| 999 | |c 99658 |d 99658 | ||
| 082 | |a 853.34 | ||
| 100 | |a Kakkanadan | ||
| 245 | |a Sakshi / |c Kakkanadan | ||
| 260 | |a Kollam |b Sankeerthanam publications |c 2010 | ||
| 300 | |a 144p. |c 22cm. | ||
| 546 | |a in malayalam | ||
| 650 | |a Malayalam fiction | ||
| 942 | |c BK | ||
| 952 | |0 0 |1 0 |4 0 |6 853_340000000000000_SAK_M |7 0 |9 99082 |a UL |b UL |c ST1 |d 2013-01-31 |e 2 |g 70.00 |l 50 |m 4 |o 853.34 SAK M |p 88495 |r 2021-12-18 |s 2021-12-03 |v 100.00 |y BK | ||